Εισαγωγή στη γεωμετρία των αλγεβρικών καμπυλών
Αποθηκεύτηκε σε:
| Κύριος συγγραφέας: | |
|---|---|
| Μορφή: | Βιβλίο |
| Γλώσσα: | Greek |
| Δημοσίευση: |
Θεσσαλονίκη :
Ζήτη,
2010, c2006
|
| Έκδοση: | 1η έκδ. ανατύπωση, διορθ. |
| Θέματα: | |
| Ετικέτες: |
Προσθήκη ετικέτας
Δεν υπάρχουν, Καταχωρήστε ετικέτα πρώτοι!
|
MARC
| LEADER | 00000nam a2200000 i 4500 | ||
|---|---|---|---|
| 001 | 1/37227 | ||
| 008 | 131016r20102006 gre d | ||
| 020 | |a 960-456-013-1 | ||
| 035 | |l 10115796 | ||
| 040 | |a GR-MY-UA |b gre |e aacr | ||
| 041 | 0 | |a gre | |
| 082 | 0 | |a 516.35 |2 (22) | |
| 100 | 1 | |a Πουλάκης, Δημήτριος Μ. | |
| 245 | 1 | 0 | |a Εισαγωγή στη γεωμετρία των αλγεβρικών καμπυλών / |c Δημήτριος Μ. Πουλάκης |
| 250 | |a 1η έκδ. ανατύπωση, διορθ. | ||
| 260 | |a Θεσσαλονίκη : |b Ζήτη, |c 2010, c2006 | ||
| 300 | |a 164 σ.; |c 24 εκ. | ||
| 504 | |a Περιλαμβάνει βιβλιογραφικές αναφορές και ευρετήριο | ||
| 650 | 0 | 0 | |a Curves, Algebraic. |
| 650 | 0 | 0 | |a Geometry, Algebraic. |
| 852 | |a INST |b SAMOS |c EUDOXUS |e 20131016 |h 516.35 ΠΟΥ |p 005300040642 |q 005300040642 |t EDX |y 0 | ||
| 852 | |a INST |b SAMOS |c EUDOXUS |e 20131016 |h 516.35 ΠΟΥ |p 005300040643 |q 005300040643 |t EDX |y 0 | ||
| 901 | |a BIBL3-2013-3 | ||
| 909 | |a Σ |b 178858 | ||
| 909 | |a Σ |b 178859 | ||
| 920 | |a ΕΥΔΟΞΟΣ |b ΠΑΡΑΓΓΕΛΙΑ-ΜΑΘΗΑΜΤΙΚΟ |y ΣΑΜΟΣ |z 2013-05 | ||
| 970 | |a ΓΟΥΒΑΛΑ |b ΒΑΣΩ |z 2013/10/16 | ||